000 00337nam a22001457a 4500
999 _c8846
_d8846
003 OSt
008 200711b ||||| |||| 00| 0 eng d
100 _aGokhale , S.B
245 _aPharmacognosy and Phytochemistry-1
250 _a2019
260 _aNew Delhi
_bNirali
300 _a11.51
650 _aPharmacognosy
942 _2ddc
_cBK
_03